[Event "Corus Reserve Gp"]
[Site "Wijk aan Zee NED"]
[Date "2001.01.18"]
[Round "3"]
[White "Bosboom Lanchava,T"]
[Black "Doggers,P"]
[Result "1-0"]
[WhiteElo "2322"]
[BlackElo "2161"]

1.d4 Nf6 2.c4 g6 3.Nc3 Bg7 4.e4 d6 5.Be2 O-O 6.Nf3 e5 7.d5 a5 8.h4 c6 9.Nd2 Na6
10.h5 Nc5 11.g4 a4 12.g5 Ne8 13.Nf1 cxd5 14.cxd5 b5 15.Bxb5 Qa5 16.Ng3 a3
17.O-O Rb8 18.b4 Qxb4 19.Bd2 Qa5 20.Rb1 Qd8 21.Qc1 f6 22.gxf6 Nxf6 23.h6 Bh8
24.Kg2 Rxb5 25.Nxb5 Qd7 26.Rh1 Nfxe4 27.Be3 Nd3 28.Qc2 Nexf2 29.Rh4 Qf7 30.Nxd6 Qxd5+
31.Nge4 Nxe4 32.Nxe4 Nf4+ 33.Kh2 Bf5 34.Rb4 Rc8 35.Qb1 Qd8 36.Bf2 g5 37.Rxf4  1-0

[Event "Mermaid Beach Club GMB"]
[Site "Elbow Beach BER"]
[Date "2001.01.19"]
[Round "1"]
[White "Doettling,F"]
[Black "Alvarez,Joh"]
[Result "1-0"]
[WhiteElo "2509"]
[BlackElo "2383"]

1.d4 Nf6 2.Nf3 g6 3.c4 Bg7 4.Nc3 O-O 5.e4 d6 6.Be2 e5 7.O-O Na6 8.Re1 c6
9.Bf1 Bg4 10.d5 c5 11.a3 Kh8 12.Bg5 h6 13.Bd2 Ng8 14.h3 Bd7 15.g3 f5 16.Nh4 Qf6
17.exf5 gxf5 18.f4 Ne7 19.Rb1 Rg8 20.Kh2 Ng6 21.Ng2 Qf8 22.Qf3 b6 23.Be2 e4
24.Qf2 Bf6 25.Nd1 Re8 26.Bc3 Re7 27.Bxf6+ Qxf6 28.Nde3 Reg7 29.Rg1 Rf8 30.Bh5 Ne7
31.Nh4 b5 32.b3 Nc7 33.a4 b4 34.Rbf1 Be8 35.Bxe8 Nxe8 36.g4 fxg4 37.Rxg4 Ng6
38.Nhf5 Rh7 39.Qc2 h5 40.Rg5 Qc3 41.Qxe4 Qxb3 42.Qe6 Ng7 43.Qxg6 Nxf5 44.Nxf5 Qc2+
45.Rg2 Qxf5 46.Qxd6 Re8 47.Qxc5 Rhe7 48.Qd4+  1-0

[Event "Corus Reserve Gp"]
[Site "Wijk aan Zee NED"]
[Date "2001.01.20"]
[Round "4"]
[White "Maksimenko,A"]
[Black "Klinova,M"]
[Result "1-0"]
[WhiteElo "2498"]
[BlackElo "2328"]

1.d4 d6 2.Nf3 Nf6 3.c4 g6 4.Nc3 Bg7 5.e4 O-O 6.Be2 Nbd7 7.O-O e5 8.Be3 c6
9.d5 c5 10.Ne1 Ne8 11.g4 Bf6 12.Qd2 Ng7 13.Kh1 Be7 14.Rg1 f6 15.a3 Rf7 16.Nd3 Nf8
17.f4 Nd7 18.f5 g5 19.h4 h6 20.Kg2 Ne8 21.Rh1 Bf8 22.Rh3 Bg7 23.Rah1 Kf8
24.Ne1 Ke7 25.Nf3 Nf8 26.hxg5 hxg5 27.Bxg5 fxg5 28.Nxg5 Bf6 29.Ne6  1-0

[Event "Tch-AUT 2000-01"]
[Site "Graz AUT"]
[Date "2001.01.21"]
[Round "8"]
[White "Wells,P"]
[Black "Movsesian,S"]
[Result "1/2-1/2"]
[WhiteElo "2522"]
[BlackElo "2661"]

1.d4 Nf6 2.c4 g6 3.Nc3 Bg7 4.e4 d6 5.Nf3 O-O 6.Be2 e5 7.O-O Nbd7 8.Be3 Re8
9.d5 Ng4 10.Bd2 f5 11.Ng5 Ndf6 12.c5 fxe4 13.Ne6 Rxe6 14.dxe6 Bxe6 15.Bg5 Qd7
16.cxd6 cxd6 17.Bb5 Qe7 18.h3 Nh6 19.Bxf6 Bxf6 20.Nd5 Qf7 21.Bc4 Bg5 22.Qb3 Re8
23.Rad1 Nf5 24.Qc2 Nd4 25.Qxe4 b5 26.Bb3 Kg7 27.f4 Bf5 28.fxg5 Bxe4 29.Rxf7+ Kxf7
30.Nc3+ Ke7 31.Nxe4 Rc8 32.Nc3 a5 33.Nd5+ Ke8 34.Nf6+ Kd8 35.Nxh7 a4 36.Bd5 Rc2
37.Rf1 Ne2+ 38.Kh2 Nf4 39.Bf3 Rxb2 40.Rd1 Kc7 41.Nf6 Ne6 42.h4 Rxa2 43.Ng8 Kd7
44.Bg4 Rf2 45.Nf6+ Ke7 46.Nd5+ Kf7 47.Kg3 Rc2 48.Rf1+ Nf4 49.Nxf4 exf4+ 50.Rxf4+ Ke7
51.Re4+ Kf8 52.h5 gxh5 53.Bxh5 Rc3+ 54.Kf2 Rc2+ 55.Kg3 Rc3+ 56.Kf2 Rc2+ 57.Kg3  1/2-1/2

[Event "Open"]
[Site "Ubeda ESP"]
[Date "2001.01.22"]
[Round "2"]
[White "Eljanov,P"]
[Black "Paragua,M"]
[Result "1-0"]
[WhiteElo "2556"]
[BlackElo "2427"]

1.d4 Nf6 2.Nf3 g6 3.c4 Bg7 4.Nc3 O-O 5.e4 d6 6.Be2 e5 7.O-O Nbd7 8.Be3 Ng4
9.Bg5 f6 10.Bc1 Nh6 11.Qc2 c6 12.Rd1 Qe7 13.d5 c5 14.Nb5 Nb8 15.b4 a6 16.Nc3 cxb4
17.Na4 Nd7 18.Rb1 a5 19.a3 Nc5 20.axb4 axb4 21.Rxb4 Rxa4 22.Rxa4 Nxa4 23.Qxa4 f5
24.c5 Nf7 25.Ba3 fxe4 26.Qxe4 Bf5 27.cxd6 Nxd6 28.Qb4 Rd8 29.Nd2 Qf6 30.Qb3 Kh8
31.Nc4 Nxc4 32.Bxc4 e4 33.Qxb7 e3 34.fxe3 Re8 35.d6 Qg5 36.Qf3 Bg4 37.d7 Rd8
38.Qg3 Bf6 39.Rd5  1-0

[Event "Corus Reserve Gp"]
[Site "Wijk aan Zee NED"]
[Date "2001.01.22"]
[Round "6"]
[White "Happel,H"]
[Black "Doggers,P"]
[Result "0-1"]
[WhiteElo "2224"]
[BlackElo "2161"]

1.d4 Nf6 2.c4 g6 3.Nc3 Bg7 4.e4 d6 5.Nf3 O-O 6.Be2 e5 7.d5 a5 8.O-O Na6 9.Bg5 h6
10.Bh4 Qe8 11.Nd2 Nh7 12.f3 h5 13.b3 Bh6 14.Bf2 Qe7 15.Re1 h4 16.Nf1 Bf4
17.a3 Qg5 18.Kh1 Nf6 19.Ra2 Nh5 20.b4 axb4 21.axb4 Kg7 22.b5 Ng3+ 23.Kg1 Bh3
24.hxg3 hxg3 25.Nxg3 Bxg3 26.Bf1 Nc5 27.gxh3 Rxa2 28.Nxa2 Ra8 29.Nc1 Bf4+
30.Bg2 Ra1 31.Qc2 Rxc1 32.Rxc1 Bxc1 33.Qe2 Nd7 34.Qe1 Bd2 35.Qe2 b6 36.h4 Qf4
37.Bh3 f5 38.Kg2 Kf6 39.Qd3 Nc5 40.Bxc5 bxc5 41.exf5 Be1 42.Qf1 Qg3+ 43.Kh1 gxf5
44.h5 Qh4 45.Kh2 Bd2 46.Qg2 Bf4+ 47.Kg1 Qxh5 48.Kf1 Qh4 49.Ke2 Bg5  0-1

[Event "Open"]
[Site "Ubeda ESP"]
[Date "2001.01.24"]
[Round "4"]
[White "Eljanov,P"]
[Black "Comas Fabrego,L"]
[Result "1-0"]
[WhiteElo "2556"]
[BlackElo "2508"]

1.d4 Nf6 2.Nf3 g6 3.c4 Bg7 4.Nc3 O-O 5.e4 d6 6.Be2 e5 7.O-O Na6 8.Re1 c6
9.Bf1 exd4 10.Nxd4 Ng4 11.h3 Qb6 12.hxg4 Qxd4 13.g5 Qxd1 14.Rxd1 Be5 15.Be3 Nc5
16.f3 a5 17.Rab1 Re8 18.Ne2 a4 19.Nd4 f6 20.gxf6 Bxf6 21.g3 Be5 22.Kf2 Re7
23.Bg2 Bd7 24.Ne2 Rf7 25.f4 Re8 26.Bxc5 dxc5 27.Rxd7 Rxd7 28.fxe5 Rd2 29.a3 Red8
30.b3 Rd1 31.Rxd1 Rxd1 32.bxa4 Kf7 33.Bh3 Ke7 34.Bc8 Kd8 35.Bxb7 Kc7 36.Ba6 Rd8
37.Nc3 Kb6 38.Bb5 cxb5 39.Nd5+ Ka5 40.axb5 Re8 41.Ke3 g5 42.Nf6 Rxe5 43.Nxh7 Ka4
44.Nf6 Re7 45.Nd5 Re8 46.Nc7 Rc8 47.Na6 Ka5 48.e5 Kb6 49.Ke4 Rd8 50.Kf5 g4
51.e6 Rf8+ 52.Ke4 Rd8 53.a4 Rd4+ 54.Kf5  1-0

[Event "Open"]
[Site "Ubeda ESP"]
[Date "2001.01.26"]
[Round "6"]
[White "Lalic,B"]
[Black "Paragua,M"]
[Result "1/2-1/2"]
[WhiteElo "2531"]
[BlackElo "2427"]

1.d4 Nf6 2.c4 g6 3.Nc3 Bg7 4.e4 d6 5.Nf3 O-O 6.Be2 e5 7.d5 Na6 8.Nd2 Ne8
9.h4 f5 10.h5 gxh5 11.exf5 Nf6 12.Nde4 Nxe4 13.Nxe4 Bxf5 14.Ng3 Bg6 15.Bxh5 Qf6
16.O-O e4 17.Qg4 Rae8 18.Be3 Nb4 19.Rad1 Nc2 20.Rd2 Nxe3 21.fxe3 Bxh5 22.Qxh5  1/2-1/2

[Event "26th Speed Chess Open"]
[Site "Aubervilliers FRA"]
[Date "2001.01.28"]
[Round "7"]
[White "Dorfman,J"]
[Black "Relange,E"]
[Result "1/2-1/2"]
[WhiteElo "2602"]
[BlackElo "2484"]

1.d4 Nf6 2.c4 g6 3.Nc3 Bg7 4.e4 d6 5.Nf3 O-O 6.Be2 e5 7.Be3 Ng4 8.Bg5 f6
9.Bh4 g5 10.Bg3 Nh6 11.h3 Nc6 12.d5 Ne7 13.Nd2 f5 14.f3 Ng6 15.Qc2 Nf4 16.Bf1 g4
17.hxg4 fxg4 18.O-O-O a6 19.Kb1 Qg5 20.Bh4 Qg6 21.c5 Nf7 22.cxd6 cxd6 23.Nc4 b5
24.Na5 Bf6 25.Bxf6 Qxf6 26.g3 Ng6 27.fxg4 Bxg4 28.Be2 Bd7 29.a3 Qf2 30.Bh5 Qxc2+
31.Kxc2 Ng5 32.Rdf1 Bh3 33.Rxf8+ Rxf8 34.Nc6 Bg2 35.Re1 Rf2+ 36.Kb3 Nf3 37.Re3 Nd4+
38.Ka2 Bf1 39.Na5 Ne7 40.Bg4 Kg7 41.Kb1 Kg6 42.Na2 Kg5 43.Bd7 Nc2 44.Rc3 Bg2
45.Rxc2 Bxe4 46.Nb4 Nxd5 47.Kc1 Rf1+ 48.Kd2 Nxb4 49.axb4 Rf2+ 50.Ke3 Rxc2
51.Kxe4 Rxb2 52.Nc6 h5 53.Bc8 Rc2 54.Kd5 Rd2+ 55.Ke4 Rc2 56.Kd5 Rd2+  1/2-1/2

[Event "It"]
[Site "Bajmok YUG"]
[Date "2001.01.29"]
[Round "4"]
[White "Kovac,Z"]
[Black "Ikras,D"]
[Result "0-1"]
[WhiteElo "2158"]
[BlackElo "2175"]

1.d4 Nf6 2.c4 g6 3.Nc3 Bg7 4.e4 d6 5.Nf3 O-O 6.Be2 Na6 7.O-O e5 8.d5 Nc5
9.Qc2 a5 10.b3 h6 11.Bb2 Ne8 12.Nd2 f5 13.f3 Nf6 14.a3 Nh5 15.Rfe1 Qg5 16.Bf1 Bd7
17.b4 axb4 18.axb4 Rxa1 19.Bxa1 Na6 20.Na2 Nf6 21.Bc3 h5 22.Qd3 h4 23.Qe3 Qh5
24.c5 fxe4 25.fxe4 Bh6 26.Qe2 Bg4 27.Qb5 Bc8 28.Nc1 Ng4 29.Nd3 Be3+ 30.Kh1 Qg5
31.Nf3 Qh6 32.cxd6 cxd6 33.Qc4 Bd7 34.Qa2 Bb5 35.h3 Bxd3 36.hxg4 Bxf1 37.Rxf1 Bf4
38.Qf2 Bg3 39.Qd2 Bf4 40.Qf2 h3 41.Qh4 hxg2+ 42.Kxg2 Qxh4 43.Nxh4 Kg7 44.b5 Nc5
45.Nf5+ gxf5 46.Rxf4 Nxe4 47.Ba1 Nf6 48.Rxf5 Nxd5 49.Bxe5+ dxe5 50.Rxe5 Rd8
51.g5 Rd7 52.Kf3 Ne7 53.Ke4 Kf7 54.Ke3 Rd6 55.Ke4 b6 56.Ke3 Nd5+ 57.Kd4 Nc7+
58.Kc4 Re6 59.Rf5+ Kg6 60.Rf8 Kxg5 61.Rf7 Ne8 62.Kd5 Rd6+ 63.Ke5 Rg6 64.Re7 Nd6
65.Rd7 Nxb5  0-1

[Event "It"]
[Site "Bajmok YUG"]
[Date "2001.02.04"]
[Round "10"]
[White "Petre,NT"]
[Black "Sekelj,G"]
[Result "1-0"]
[WhiteElo "2327"]
[BlackElo "2281"]

1.Nf3 g6 2.c4 Bg7 3.Nc3 d6 4.d4 Nf6 5.e4 O-O 6.Be2 e5 7.d5 a5 8.h3 Na6 9.Bg5 h6
10.Be3 c6 11.Nd2 Bd7 12.Rb1 Nc5 13.O-O Qe7 14.b3 Ne8 15.a3 f5 16.b4 axb4
17.axb4 Nxe4 18.Ndxe4 fxe4 19.c5 Rd8 20.cxd6 Nxd6 21.Bb6 Rc8 22.Bc5 b6 23.Bxb6 cxd5
24.Nxd5 Qf7 25.Bc5 Rc6 26.Rc1 Be6 27.b5 Rcc8 28.Bxd6 Bxd5 29.Bxf8 Rxf8 30.Qxd5 Qxd5
31.Bc4  1-0

[Event "Belgian Interteams 2000-1"]
[Site "BEL"]
[Date "2001.02.04"]
[Round "8"]
[White "Luminet,D"]
[Black "Van Laatum,G"]
[Result "1/2-1/2"]
[WhiteElo "2280"]
[BlackElo "2329"]

1.d4 Nf6 2.c4 g6 3.Nc3 Bg7 4.e4 d6 5.Nf3 O-O 6.Be3 e5 7.Be2 Nbd7 8.O-O h6
9.dxe5 dxe5 10.Nd2 Nh7 11.c5 Ng5 12.b4 Ne6 13.Nb3 c6 14.Qd2 h5 15.Rfd1 Re8
16.Rac1 Qe7 17.Bc4 Nf6 18.Ne2 Nh7 19.b5  1/2-1/2

[Event "12th Goodricke Open"]
[Site "Calcutta IND"]
[Date "2001.02.08"]
[Round "3"]
[White "Joshi,P"]
[Black "Sengupta,D"]
[Result "0-1"]
[WhiteElo "2285"]
[BlackElo "2141"]

1.d4 Nf6 2.c4 g6 3.Nc3 Bg7 4.e4 d6 5.Nf3 O-O 6.Be2 e5 7.d5 Nh5 8.g3 f5 9.Ng5 f4
10.Ne6 Bxe6 11.dxe6 Nf6 12.Qb3 Nc6 13.c5 Kh8 14.Qxb7 Nd4 15.O-O Nxe6 16.cxd6 Qxd6
17.Nb5 Qe7 18.b3 Rfb8 19.Qc6 a6 20.Ba3 Qf7 21.Nc3 Nd4 22.Qa4 Nxe2+ 23.Nxe2 f3
24.Nc1 g5 25.Re1 Qh5 26.Re3 Rd8 27.Nd3 Ng4 28.Rxf3 Qxh2+ 29.Kf1 Rxd3  0-1

[Event "9th Aosta Valley"]
[Site "Saint Vincent ITA"]
[Date "2001.02.08"]
[Round "6"]
[White "Arencibia,W"]
[Black "Mukic,J"]
[Result "1/2-1/2"]
[WhiteElo "2534"]
[BlackElo "2263"]

1.d4 Nf6 2.Nf3 g6 3.c4 Bg7 4.Nc3 O-O 5.e4 d6 6.Be2 e5 7.O-O exd4 8.Nxd4 Re8
9.f3 Nh5 10.g4 Nf6 11.Be3 Nc6 12.Kh1 h5 13.g5 Nh7 14.f4 f6 15.Bxh5 gxh5 16.g6 Nf8
17.f5 Nxd4 18.Bxd4 b5 19.cxb5 Bb7 20.Qb3+ Kh8 21.Rf4 Qd7 22.Kg1 Qe7 23.Rh4 Bh6
24.Rxh5 Kg7 25.Kf2 Nd7 26.Rxh6 Kxh6 27.Ne2 Kg7 28.Nf4 Rh8 29.Ne6+ Kg8 30.Rc1 Bxe4
31.Re1 d5 32.Rxe4 dxe4 33.Nxc7+ Kg7 34.Ne6+ Kg8  1/2-1/2

[Event "9th Aosta Valley"]
[Site "Saint Vincent ITA"]
[Date "2001.02.08"]
[Round "6"]
[White "Timoscenko,G"]
[Black "Paragua,M"]
[Result "1/2-1/2"]
[WhiteElo "2525"]
[BlackElo "2427"]

1.Nf3 Nf6 2.c4 g6 3.Nc3 Bg7 4.e4 d6 5.d4 O-O 6.Be2 e5 7.O-O Nbd7 8.Be3 h6
9.dxe5 dxe5 10.Qc1 Kh7 11.Nd2 c6 12.c5 Qe7 13.Rd1 Ne8 14.b4 Nc7 15.Nc4 Ne6
16.Bf1 a5 17.Nxa5 Ndxc5 18.Nxc6 bxc6 19.bxc5 Ra5 20.Qb2 Nd4 21.Qb4 Qxc5 22.Qxc5 Rxc5
23.Ne2 Be6 24.Nxd4 exd4 25.Bxd4 Bxd4 26.Rxd4 Ra8 27.Rd2 Ra4 28.f3 Kg7 29.Kf2 Rc3
30.Be2 Kf6 31.a3 Ke5 32.h4 c5 33.g3 Raxa3 34.Rxa3 Rxa3 35.Bd1 g5 36.hxg5 hxg5
37.Rd8 c4 38.Ke2 c3 39.Bc2 Ra1 40.Kd3 Rf1 41.f4+ gxf4 42.gxf4+ Rxf4 43.Kxc3 Rf3+  1/2-1/2

[Event "9th Aosta Valley"]
[Site "Saint Vincent ITA"]
[Date "2001.02.09"]
[Round "7"]
[White "Naumkin,I"]
[Black "Yeuillaz,C"]
[Result "1-0"]
[WhiteElo "2446"]
[BlackElo "2250"]

1.d4 Nf6 2.Nf3 g6 3.c4 Bg7 4.Nc3 O-O 5.e4 d6 6.Be2 e5 7.d5 h6 8.O-O Nbd7
9.Nd2 Kh8 10.Qc2 Ng8 11.b4 a5 12.bxa5 Rxa5 13.Nb3 Ra8 14.a4 b6 15.a5 Rb8
16.axb6 cxb6 17.Rb1 Rb7 18.Be3 Nc5 19.Nd2 f5 20.exf5 gxf5 21.f4 Qd7 22.Nf3 Bf6
23.fxe5 dxe5 24.Rxb6 Rxb6 25.Bxc5 Ra6 26.Bxf8 e4 27.Nd2 Bd4+ 28.Kh1 Qd8 29.Bb4 Rg6
30.Nb5 Qg5 31.g3  1-0

[Event "FSIMB February"]
[Site "Budapest HUN"]
[Date "2001.02.11"]
[Round "8"]
[White "Eperjesi,L"]
[Black "Bognar,C"]
[Result "1/2-1/2"]
[WhiteElo "2313"]
[BlackElo "2340"]

1.d4 d6 2.c4 Nd7 3.Nc3 e5 4.Nf3 Ngf6 5.e4 g6 6.Be2 Bg7 7.O-O O-O 8.Re1 Re8
9.Bf1 c6 10.Rb1 a5 11.d5 c5 12.Bg5 h6 13.Bh4 g5 14.Bg3 Nh5 15.Nd2 Ndf6 16.Be2 Nf4
17.f3 Bd7 18.Nf1 N6h5 19.Ne3 Bh8 20.Bf1 Ng7 21.Nb5 Bxb5  1/2-1/2

[Event "12th Goodricke Open"]
[Site "Calcutta IND"]
[Date "2001.02.11"]
[Round "6"]
[White "Sanjay,N"]
[Black "Markowski,T"]
[Result "1/2-1/2"]
[WhiteElo "2364"]
[BlackElo "2595"]

1.Nf3 d6 2.d4 Nf6 3.c4 g6 4.Nc3 Bg7 5.e4 O-O 6.Be2 Na6 7.O-O e5 8.Re1 c6
9.Bf1 exd4 10.Nxd4 Ng4 11.h3 Qb6 12.hxg4 Qxd4 13.Be3 Qxd1 14.Raxd1 Bxg4 15.f3 Be6
16.Rxd6 Rfe8 17.Red1 Nb4 18.R6d2 b6 19.Kf2 Na6 20.Bd4 Bh6 21.Be3 Bf8 22.e5 Bg7
23.Bf4 Nc5 24.b4 Nb7 25.Ne4 Red8 26.Rxd8+ Rxd8 27.Rxd8+ Nxd8 28.Nf6+ Kh8
29.a3 Bf8 30.Be3 Nb7 31.Bd3 a5 32.Bd2 axb4 33.axb4 Be7 34.Ke3 Kg7 35.Bc3 h5
36.g3 Kf8 37.f4 c5 38.b5 Bxf6 39.exf6 Nd6 40.Be5 Nxc4+ 41.Bxc4 Bxc4 42.Bc7 Bxb5
43.Bxb6 c4 44.Kd4 Ke8 45.Kc5 Ba6 46.Ba5 Kf8 47.Kd6 Bc8 48.Ke5 Kg8 49.Bb4 Kh7
50.Bd2 Bf5 51.Kd5 Bd3 52.Kd6 Bf5 53.Kd5  1/2-1/2

[Event "5th Open"]
[Site "D'Agneaux Saint Lo FRA"]
[Date "2001.02.15"]
[Round "3"]
[White "Li Shilong"]
[Black "Carrasco,Pat"]
[Result "1-0"]
[WhiteElo "2474"]
[BlackElo "2141"]

1.d4 Nf6 2.Nf3 g6 3.c4 Bg7 4.Nc3 d6 5.e4 O-O 6.Be2 e5 7.d5 a5 8.Bg5 h6 9.Bh4 Na6
10.O-O Qe8 11.Nd2 h5 12.f3 Nh7 13.a3 Bd7 14.b3 g5 15.Bf2 f5 16.exf5 Bxf5
17.Nde4 Qg6 18.Bd3 g4 19.fxg4 hxg4 20.Be3 Bh6 21.Bxh6 Qxh6 22.Rxf5 Rxf5 23.Qxg4+ Rg5
24.Nxg5 Qxg5 25.Bxh7+  1-0

[Event "It"]
[Site "Montecatini Terme ITA"]
[Date "2001.02.15"]
[Round "4"]
[White "Naumkin,I"]
[Black "Marino,O"]
[Result "1-0"]
[WhiteElo "2446"]
[BlackElo "2068"]

1.d4 Nf6 2.Nf3 g6 3.c4 Bg7 4.Nc3 d6 5.e4 O-O 6.Be2 e5 7.d5 a5 8.Bg5 h6 9.Bh4 Na6
10.O-O Qe8 11.Nd2 Nh7 12.a3 Bd7 13.b3 h5 14.f3 Bh6 15.Kh1 Be3 16.Rb1 Bc5
17.Qc1 g5 18.Be1 f5 19.exf5 Bxf5 20.Nde4 Qg6 21.Bd3 Kh8 22.Bd2 Rg8 23.g4 Bxe4
24.Nxe4 Qg7 25.Ng3 h4 26.Nf5 Qf6 27.h3 Nf8 28.b4 axb4 29.axb4 Bd4 30.f4 c5
31.fxg5 Qg6 32.Qe1 Nh7 33.Qxh4  1-0

[Event "12th Goodricke Open"]
[Site "Calcutta IND"]
[Date "2001.02.16"]
[Round "11"]
[White "Simutowe,A"]
[Black "Singh,G"]
[Result "1-0"]
[WhiteElo "2462"]
[BlackElo "2284"]

1.d4 Nf6 2.c4 g6 3.Nc3 Bg7 4.e4 d6 5.Be2 O-O 6.Nf3 e5 7.Be3 Ng4 8.Bg5 f6
9.Bc1 Nc6 10.h3 Nh6 11.dxe5 dxe5 12.Qd5+ Nf7 13.Be3 Nb4 14.Qd2 Qxd2+ 15.Kxd2 Rd8+
16.Kc1 c6 17.c5 Be6 18.a3 Nd3+ 19.Kc2 Nf4 20.Bf1 f5 21.g3 fxe4 22.Nd2 Nd5
23.Ndxe4 Nxe3+ 24.fxe3 b5 25.Bg2 a5 26.b4 a4 27.Nd2 e4 28.Bxe4 Ne5 29.Rad1 Ra7
30.Ne2 Bb3+ 31.Nxb3 axb3+ 32.Kxb3 Rda8 33.Ra1 Nc4 34.Bxc6 Bxa1 35.Rxa1 Rxa3+
36.Rxa3 Rxa3+ 37.Kc2 Nxe3+ 38.Kb2 Nc4+ 39.Kc2 Ra2+ 40.Kc3 Rxe2 41.Bxb5 Kf8
42.Bxc4 Re1 43.b5 Ke7 44.b6 Rb1 45.Bd3  1-0

[Event "5th Open"]
[Site "D'Agneaux Saint Lo FRA"]
[Date "2001.02.16"]
[Round "5"]
[White "Li Shilong"]
[Black "Aurel,L"]
[Result "1-0"]
[WhiteElo "2474"]
[BlackElo "2192"]

1.d4 g6 2.c4 Bg7 3.Nc3 d6 4.Nf3 Nf6 5.e4 O-O 6.Be2 Na6 7.O-O e5 8.Be3 Bg4
9.d5 c5 10.Ne1 Bxe2 11.Qxe2 Nd7 12.g4 Nc7 13.Nf3 Nf6 14.h3 h5 15.Nh2 hxg4
16.hxg4 Nh7 17.Kg2 Bf6 18.Rh1 Bg5 19.Nf3 f6 20.Nxg5 fxg5 21.Rh6 Qf6 22.Rah1 Rf7
23.R1h3 Raf8 24.Qd1 Rg7 25.Ne2 Qe7 26.Ng1 Qd7 27.Bxg5 Nxg5 28.Rh8+ Kf7 29.Rf3+ Ke7
30.Rfxf8 Nf7 31.Qf3 Qa4 32.g5  1-0

[Event "5th Open"]
[Site "D'Agneaux Saint Lo FRA"]
[Date "2001.02.16"]
[Round "5"]
[White "Amoyal,P"]
[Black "Le Masle,R"]
[Result "1/2-1/2"]
[WhiteElo "2206"]
[BlackElo "2109"]

1.d4 Nf6 2.Nf3 g6 3.c4 Bg7 4.Nc3 d6 5.e4 O-O 6.Be2 Nbd7 7.O-O e5 8.d5 a5
9.Ne1 Nc5 10.f3 Nfd7 11.Be3 f5 12.Nd3 Nxd3 13.Bxd3 f4 14.Bf2 h5 15.a3 g5
16.Be2 Nf6 17.Kh1 Rf7 18.c5 g4 19.cxd6 cxd6 20.Bh4 g3 21.hxg3 fxg3 22.Qd2 Nxe4
23.Bxd8 Nxd2 24.Rfe1 Nb3 25.Rad1 Bf5 26.Bh4 Bc2 27.Bxg3 Bxd1 28.Bxd1 Nd4
29.Ne4 Bf8 30.Bh4 Nf5 31.Bg5 h4 32.Bc2 Ng3+ 33.Kh2 Nxe4 34.Rxe4 Be7 35.Bh6 Kh8
36.Rc4 Bd8 37.Rg4 Be7 38.Rc4 Bd8 39.Rg4 Be7 40.Rc4  1/2-1/2

[Event "ch-ROM"]
[Site "Baile Tusnad ROM"]
[Date "2001.02.18"]
[Round "13"]
[White "Ionescu,Co"]
[Black "Nanu,C"]
[Result "1/2-1/2"]
[WhiteElo "2504"]
[BlackElo "2418"]

1.d4 Nf6 2.c4 g6 3.Nc3 Bg7 4.e4 O-O 5.Nf3 d6 6.Be2 Na6 7.O-O e5 8.Re1 Nh5
9.Bg5 Qe8 10.dxe5 dxe5 11.Nd2 Nf4 12.Nd5 Nxe2+ 13.Qxe2 f6 14.Be3 Be6 15.a3 c6
16.Nb4 Nxb4 17.axb4 a6 18.Nb3 Qf7 19.Rac1 Rfd8 20.Nc5 Bf8 21.Nxe6 Qxe6 22.b5 Qe8
23.bxa6 Rxa6 24.Red1 Raa8 25.h3 Rxd1+ 26.Rxd1 Rd8 27.c5 Rxd1+ 28.Qxd1 h5
29.Qb3+ Qf7 30.Qxf7+ Kxf7  1/2-1/2

[Event "ENG-GER match women"]
[Site "Battle Abbey ENG"]
[Date "2001.02.20"]
[Round "5"]
[White "Nill,J"]
[Black "Lauterbach,I"]
[Result "1-0"]
[WhiteElo "2239"]
[BlackElo "2179"]

1.d4 d6 2.Nf3 g6 3.c4 Bg7 4.Nc3 Nf6 5.e4 O-O 6.Be2 e5 7.O-O exd4 8.Nxd4 Re8
9.f3 Nc6 10.Be3 Nh5 11.Qd2 Nxd4 12.Bxd4 Bxd4+ 13.Qxd4 Nf4 14.Rfd1 Qg5 15.Bf1 Qc5
16.Nd5 Nxd5 17.cxd5 f5 18.Qxc5 dxc5 19.Re1 fxe4 20.fxe4 Re5 21.Rac1 Bd7 22.Rxc5 c6
23.b4 Rae8 24.dxc6 Bxc6 25.Rxe5 Rxe5 26.Bd3 a5 27.bxa5 Rxa5 28.Re2 Kf7 29.Bc4+ Kf6
30.Bb3 Ke5 31.Kf2 Kd4 32.Kf3 Rf5+ 33.Kg4 Bxe4 34.Rxe4+ Kxe4 35.Bc2+ Ke5 36.Bxf5 gxf5+
37.Kg5 b5 38.Kh6 b4 39.Kxh7 Kd4 40.h4 f4 41.h5 Kc3 42.h6 Kb2 43.Kg7 Kxa2
44.h7 b3 45.h8=Q b2 46.Qa8+ Kb3 47.Qb7+ Kc2 48.Qc6+ Kb3 49.Qb5+ Ka2 50.Qa4+  1-0

[Event "Open"]
[Site "Coria del Rio ESP"]
[Date "2001.02.21"]
[Round "8"]
[White "Cebada Benitez,F"]
[Black "Barrero Garcia,C"]
[Result "0-1"]
[WhiteElo "2067"]
[BlackElo "2319"]

1.d4 Nf6 2.c4 g6 3.Nc3 Bg7 4.e4 d6 5.Nf3 O-O 6.Be2 Na6 7.O-O e5 8.d5 Nc5
9.Qc2 a5 10.Nd2 Bd7 11.b3 Nh5 12.Bxh5 gxh5 13.Nf3 f5 14.Be3 f4 15.Bxc5 dxc5
16.Nb5 Kh8 17.Kh1 Ra6 18.a3 Rg8 19.Rg1 Rg6 20.Qc3 c6 21.Nxe5 Qe7 22.Nxg6+ hxg6
23.e5 cxb5 24.Rae1 b4 25.axb4 axb4 26.Qf3 Rf8 27.Qe4 Rf5 28.e6 Be8 29.Rd1 Be5
30.Rd2 Kg7 31.Ra2 Kf6 32.Ra7 g5 33.d6 Bxd6 34.Rxb7 Qxe6 35.Qxe6+ Kxe6 36.Rb6 Kd7
37.Rd1 Rf6 38.Ra1 Bg6 39.Ra7+ Ke6 40.Raa6 Ke5 41.Ra2 Bd3 42.h3 g4 43.hxg4 hxg4
44.Kg1 Re6 45.Kh1 Kd4 46.Raa6 Re1+ 47.Kh2 g3+ 48.fxg3 fxg3+ 49.Kh3 Bf5+ 50.Kh4 Bf4  0-1

[Event "Czech Extra League 2000-1"]
[Site "CZE"]
[Date "2001.02.24"]
[Round "6"]
[White "Jedlicka,A"]
[Black "Antoniewski,R"]
[Result "0-1"]
[WhiteElo "2288"]
[BlackElo "2461"]

1.d4 Nf6 2.c4 g6 3.Nc3 Bg7 4.e4 d6 5.Be2 O-O 6.Nf3 e5 7.O-O Qe8 8.dxe5 dxe5
9.Be3 b6 10.Nd2 Bb7 11.Nd5 Na6 12.a3 c6 13.Nc3 Nd7 14.Qc2 Nac5 15.b4 Ne6
16.Nb3 Nd4 17.Qb2 f5 18.f3 Qf7 19.Rfd1 Nxe2+ 20.Qxe2 Nf6 21.Rab1 Ba6 22.Nd2 Nh5
23.b5 Nf4 24.Qf1 cxb5 25.cxb5 Rac8 26.Rbc1 Bb7 27.g3 Rfd8 28.Nc4 Nd3 29.Rxd3 Rxd3
30.Qxd3 Qxc4 31.Qxc4+ Rxc4 32.Nd5 Rxc1+ 33.Bxc1 Kf7 34.a4 Ke6 35.Nc3 Bf8
36.Be3 Bb4 37.Na2 Ba5 38.exf5+ gxf5 39.f4 Be4 40.fxe5 Kxe5 41.Nc1 Bc2 42.Ne2 Ke4
43.Bf2 Bxa4 44.Nd4 Bc3 45.Nc6 a6 46.Bxb6 axb5  0-1

[Event "Dutch Open Blitzchess"]
[Site "Dordrecht NED"]
[Date "2001.02.24"]
[Round "6"]
[White "Lautier,J"]
[Black "Shchekachev,A"]
[Result "1-0"]
[WhiteElo "2658"]
[BlackElo "2537"]

1.d4 Nf6 2.c4 d6 3.Nc3 Nbd7 4.e4 e5 5.Nf3 g6 6.Be2 Bg7 7.O-O O-O 8.Be3 exd4
9.Nxd4 Re8 10.f3 c6 11.Qd2 Ne5 12.Rfd1 a6 13.Bf1 Qe7 14.Nb3 Be6 15.c5 d5
16.exd5 Nxd5 17.Nxd5 Bxd5 18.Bg5 Qf8 19.Qf2 a5 20.Nc1 a4 21.Rb1 Nd7 22.Be3 Qe7
23.Rd3 Ra5 24.b4 axb3 25.Nxb3 Ra7 26.Bf4 Ne5 27.Rd2 Qf6 28.Qg3 Ra4 29.Bg5 Qf5
30.Re1 h6 31.Be3 Nd7 32.Bf2 Rxe1 33.Bxe1 Be5 34.Qf2 Bc3 35.Re2 Bxe1 36.Qxe1 Be6
37.Qc3 Rc4 38.Qd2 Nxc5 39.Nd4 Qf6 40.Nxe6 Nxe6 41.Qxh6 Rh4 42.Qd2 Qd4+ 43.Qxd4 Rxd4
44.Rb2 b5 45.Rc2 Rd6 46.Kf2 Kg7 47.Ke3 Kf6 48.g3 Nd4 49.Rc5 Ne6 50.Rc2 Ke7
51.h4 Kd7 52.g4 Nd4 53.Rd2 c5 54.h5 g5 55.Bd3 c4 56.Bxc4 bxc4 57.Rxd4  1-0

[Event "8th Metalis Open"]
[Site "Bizovac CRO"]
[Date "2001.02.25"]
[Round "7"]
[White "Martic,Z"]
[Black "Jovanovic,Zo2"]
[Result "0-1"]
[WhiteElo "2242"]
[BlackElo "2368"]

1.d4 Nf6 2.c4 g6 3.Nc3 Bg7 4.e4 d6 5.Nf3 O-O 6.Be2 e5 7.O-O exd4 8.Nxd4 Re8
9.f3 Nc6 10.Be3 Nh5 11.Nxc6 bxc6 12.g4 Nf6 13.Qd2 c5 14.Rad1 Bb7 15.Bg5 Qc8
16.Nd5 Nxd5 17.cxd5 Ba6 18.Bxa6 Qxa6 19.b3 Qa3 20.Rc1 a5 21.Rc4 a4 22.Rb1 Reb8
23.Qc2 axb3 24.Rxb3 Rxb3 25.axb3 Qa1+ 26.Bc1 Ra2  0-1

[Event "Open"]
[Site "Cappelle la Grande FRA"]
[Date "2001.02.25"]
[Round "2"]
[White "Jaracz,P"]
[Black "Draoui,N"]
[Result "1-0"]
[WhiteElo "2477"]
[BlackElo "2293"]

1.d4 Nf6 2.c4 g6 3.Nc3 Bg7 4.e4 d6 5.Be2 O-O 6.Nf3 e5 7.Be3 h6 8.O-O Ng4
9.Bc1 Nc6 10.d5 Ne7 11.Ne1 f5 12.Bxg4 fxg4 13.b4 g5 14.c5 Qe8 15.Nc2 Bd7
16.Ne3 Rf4 17.a4 Qg6 18.Ba3 Rxe4 19.Nxe4 Qxe4 20.cxd6 cxd6 21.b5 Nf5 22.Qxg4 Qxg4
23.Nxg4 a6 24.b6 Bxa4 25.Ne3 Nxe3 26.fxe3 e4 27.Rac1 Bb5 28.Rfd1 Be5 29.Rc7 Ba4
30.Rdc1 Rf8 31.Rxb7 Bb5 32.Rbc7  1-0

[Event "Open"]
[Site "Cappelle la Grande FRA"]
[Date "2001.02.25"]
[Round "2"]
[White "Vismara,D"]
[Black "Simutowe,A"]
[Result "0-1"]
[WhiteElo "2201"]
[BlackElo "2462"]

1.Nf3 Nf6 2.c4 g6 3.Nc3 Bg7 4.e4 d6 5.d4 O-O 6.Be2 e5 7.d5 a5 8.Bg5 h6 9.Bh4 Na6
10.Nd2 Qe8 11.O-O Nh7 12.b3 h5 13.f3 Bf6 14.Bf2 h4 15.a3 Bd7 16.Rb1 Qe7 17.b4 axb4
18.axb4 Bg5 19.c5 Bf4 20.Kh1 Kg7 21.c6 bxc6 22.dxc6 Be6 23.Nc4 Qg5 24.b5 Nf6
25.bxa6 Nh5 26.Re1 Ng3+ 27.Kg1 h3 28.hxg3 Bxg3 29.Bxg3 Qxg3 30.Ne3 hxg2 31.Nxg2 Rh8
32.Bf1 Rh1+ 33.Kxh1 Qf2 34.Nf4 Rh8+  0-1

[Event "Open"]
[Site "Cappelle la Grande FRA"]
[Date "2001.02.26"]
[Round "4"]
[White "Li Shilong"]
[Black "Kuzmin,G"]
[Result "1-0"]
[WhiteElo "2474"]
[BlackElo "2556"]

1.d4 Nf6 2.Nf3 g6 3.c4 Bg7 4.Nc3 O-O 5.e4 d6 6.Be2 e5 7.d5 a5 8.Bg5 Na6 9.Nd2 h6
10.Be3 h5 11.h3 Nh7 12.O-O Bd7 13.a3 Bf6 14.Nf3 Ng5 15.Qd2 Nxf3+ 16.Bxf3 Nc5
17.Bd1 Bg7 18.Bxc5 dxc5 19.Ba4 Bc8 20.Rad1 Qe7 21.d6 cxd6 22.Qxd6 Qg5 23.Bd7 Rd8
24.Qc7 Qe7 25.Nd5 Qxd7 26.Ne7+ Kf8 27.Qxc5 b6 28.Nxg6+ Ke8 29.Rxd7 Rxd7 30.Qxb6 fxg6
31.Qxg6+ Kd8 32.b4 Ra6 33.Qxh5 Kc7 34.Rd1 Rxd1+ 35.Qxd1 axb4 36.axb4 Rd6
37.Qa4 Bb7 38.c5 Rd4 39.Qa5+  1-0